000 00670nam a22001937a 4500
008 161008b xxu||||| |||| 00| 0 eng d
020 _a978240337X
082 _22000
_aDC 658.2
_bN47t
100 _915854
_aNewsom, Doug
245 _aThis is PR:
_bthe realities of public relations/
_cDoug Newsom, Judy VanSlyke Turk and Dean Kruckeberg.
250 _a7th edition
260 _aAustralia:
_bWadsworth,
_cc2000.
300 _axvii, 553 pages:
_billustrations;
_c23 cm.
500 _aIncludes glossary and index.
650 0 _915855
_aPublic relations
700 _915856
_aTurk, Judy VanSlyke
_eAuthor
700 _915857
_aKruckeberg, Dean
_eAuthor
942 _2ddc
_cDC
999 _c5080
_d5080